| 000 | 00700nam a22002057a 4500 | ||
|---|---|---|---|
| 999 |
_c22495 _d22495 |
||
| 003 | AR-CdUCM | ||
| 008 | 190409b ||||| |||| 00| 0 spa d | ||
| 020 | _a9786124803543 | ||
| 040 |
_aMUNICIPALIDAD PROVINCIAL DEL CUSCO _cBIBLIOTECA MUNICIPAL DEL CUSCO |
||
| 082 |
_a869.56/H48D4 _bH48D4 _2segunda |
||
| 100 |
_aHidalgo, Alberto _95809 |
||
| 245 |
_aDiario de mi sentimiento : _b1922-1936 / _cAlberto Hidalgo ; prólogo de Juan Bonilla |
||
| 260 |
_aLima : _bRevuelta, _c2020. |
||
| 300 |
_a390 páginas, 9 páginas sin numerar ; _c24 cm. |
||
| 650 |
_aEnsayos peruanos _948324 |
||
| 650 |
_aSiglo XX _948325 |
||
| 700 |
_aBonilla, Juan _eprologuista _948326 |
||
| 942 |
_2ddc _cLIBROS |
||
| 945 | _arac | ||